000
00340nam a2200145Ia 4500
008
191201s2002 xx 000 0 und d
082
_a
621.3
_b
SAE
100
_a
SALIVAHAVAN, S
245
0
_a
Electronic Devices and Circuits
250
_a
14th
260
_a
N.Delhi
_b
TMH
_c
2002
300
_a
705
650
_a
B.Tech(ECE)
942
_2
ddc
_c
BK
999
_c
2135
_d
2135